<?xml version="1.0" encoding="UTF-8"?>
<record
    xmlns:xsi="http://www.w3.org/2001/XMLSchema-instance"
    xsi:schemaLocation="http://www.loc.gov/MARC21/slim http://www.loc.gov/standards/marcxml/schema/MARC21slim.xsd"
    xmlns="http://www.loc.gov/MARC21/slim">

  <leader>00683nam a22001817a 4500</leader>
  <controlfield tag="003">BDDh-ASL</controlfield>
  <controlfield tag="005">20231015031310.0</controlfield>
  <controlfield tag="008">230403s1959    i  ||||| |||| 00| 0 b   d</controlfield>
  <datafield tag="040" ind1=" " ind2=" ">
    <subfield code="a">BDDh-ASL</subfield>
    <subfield code="c">BDDh-ASL</subfield>
  </datafield>
  <datafield tag="041" ind1=" " ind2=" ">
    <subfield code="a">ben</subfield>
  </datafield>
  <datafield tag="082" ind1=" " ind2=" ">
    <subfield code="a">297.12</subfield>
    <subfield code="b">RAB</subfield>
  </datafield>
  <datafield tag="100" ind1="1" ind2=" ">
    <subfield code="a">&#x9B0;&#x9B9;&#x9AE;&#x9BE;&#x9A8;, &#x9AE;&#x9C0;&#x99C;&#x9BE;&#x9A8;&#x9C1;&#x9B0;</subfield>
    <subfield code="9">2116</subfield>
  </datafield>
  <datafield tag="245" ind1="1" ind2="0">
    <subfield code="a">&#x9AC;&#x9C7;&#x9B9;&#x9C7;&#x9B6;&#x9A4;&#x9C0; &#x9B8;&#x993;&#x997;&#x9BE;&#x9A4; &#x9AC;&#x9BE; &#x995;&#x9CB;&#x9B0;&#x9BE;&#x9A8; &#x9B6;&#x9B0;&#x9C0;&#x9AB;&#x9C7;&#x9B0; &#x986;&#x9AE;&#x9AA;&#x9BE;&#x9B0;&#x9BE;&#x9B0; &#x9AC;&#x9BE;&#x982;&#x9B2;&#x9BE; &#x9A4;&#x9B0;&#x99C;&#x9AE;&#x9BE; &#x993; &#x9A4;&#x9B6;&#x9B0;&#x9C0;&#x9B9; / </subfield>
  </datafield>
  <datafield tag="260" ind1=" " ind2=" ">
    <subfield code="a">&#x995;&#x9B2;&#x995;&#x9BE;&#x9A4;&#x9BE; : </subfield>
    <subfield code="b">&#x995;&#x9BF;&#x9A4;&#x9BE;&#x9AC; &#x9AE;&#x9B9;&#x9B2;, </subfield>
    <subfield code="c">1959. </subfield>
  </datafield>
  <datafield tag="300" ind1=" " ind2=" ">
    <subfield code="a">111 p. : </subfield>
    <subfield code="c">25 cm. </subfield>
  </datafield>
  <datafield tag="650" ind1=" " ind2="0">
    <subfield code="a">&#x987;&#x9B8;&#x9B2;&#x9BE;&#x9AE; &#x9A7;&#x9B0;&#x9CD;&#x9AE; </subfield>
    <subfield code="v">&#x9AA;&#x9CD;&#x9B0;&#x9AC;&#x9A8;&#x9CD;&#x9A7;</subfield>
    <subfield code="9">810</subfield>
  </datafield>
  <datafield tag="942" ind1=" " ind2=" ">
    <subfield code="2">ddc</subfield>
    <subfield code="c">BK</subfield>
  </datafield>
  <datafield tag="952" ind1=" " ind2=" ">
    <subfield code="0">0</subfield>
    <subfield code="1">0</subfield>
    <subfield code="2">ddc</subfield>
    <subfield code="4">0</subfield>
    <subfield code="7">0</subfield>
    <subfield code="8">NFIC</subfield>
    <subfield code="a">ASL</subfield>
    <subfield code="b">ASL</subfield>
    <subfield code="c">GEN</subfield>
    <subfield code="d">2023-04-03</subfield>
    <subfield code="e">Complimentary</subfield>
    <subfield code="l">0</subfield>
    <subfield code="o">297.12 RAB</subfield>
    <subfield code="p">120372</subfield>
    <subfield code="r">2023-04-03 00:00:00</subfield>
    <subfield code="t">C-1</subfield>
    <subfield code="w">2023-04-03</subfield>
    <subfield code="y">BK</subfield>
    <subfield code="z">Y-1959</subfield>
  </datafield>
  <datafield tag="999" ind1=" " ind2=" ">
    <subfield code="c">31659</subfield>
    <subfield code="d">31659</subfield>
  </datafield>
</record>
